00977nab a22002177a 4500999001500000003000400015005001700019008004100036040000700077100002900084245019900113300001300312505014200325505007200467650002800539650002000567650001900587700003700606773010300643942001300746 c5837d5837OSt20260108011200.0190514b xxu||||| |||| 00| 0 spa d cPJ 96734aGuisado, Paola M. 13aLa imposición del apellido paterno en los casos de reconocimiento tardío del padre o en los casos de determinación judicial de la filiación paterna /cPaola M. Guisado, Melisa L. Mirkin. ap. 35-44 aSumario: I. Introducción.— II. El apellido y la filiación. Breve repaso a través de la historia legislativa.— III. Conclusiones tSi te interesa el texto, comunicate a koha@justierradelfuego.gov.ar 09967aDERECHO DE FAMILIA 091004aFILIACION 092540aAPELLIDO 96735aMirkin, Melisa L.ecoautor0 0284493222dBuenos Aires : AbeledoPerrot, 1989-tDerecho de familia. N° 119 - Mayo 2025z18511201 2udccANA